| 000 | 00747nam a2200253 i 4500 | ||
|---|---|---|---|
| 001 | 13178 | ||
| 003 | ES-MaACL | ||
| 005 | 20250701212924.0 | ||
| 007 | t| | ||
| 008 | 960918s1996 sp ||||0| spa | ||
| 020 | _a84-7923-088-6 | ||
| 080 | _a1 Santayana, George | ||
| 100 | 1 |
_aAbellán, José Luis, _d1933-2023 _9176509 |
|
| 245 | 1 | 0 |
_aGeorge Santayana (1863-1956) / _cJosé Luis Abellán. |
| 250 | _a1ª ed. | ||
| 260 |
_aMadrid : _bEdiciones del Orto, _c1996. |
||
| 300 |
_a94 p ; _c17 cm. |
||
| 490 | 1 | _aBiblioteca filosófica | |
| 600 | 1 | 4 |
_aSantayana, George- _xCrítica e interpretación. _9103358 |
| 830 | 1 | 0 |
_aBiblioteca filosófica _9179275 |
| 852 |
_aES-MaACL _jL-20563 |
||
| 852 |
_aES-MaACL _jL-28941 |
||
| 999 |
_c13178 _d13178 |
||